000 00356nam a2200145Ia 4500
008 151213s9999 xx 000 0 und d
100 _aK. Fatchi
245 _aInternational Management
_cK. Fatchi
260 _aNew Jersey
_bPrentic Hall
_c1996
300 _a2726 p.
650 _aManagement
650 _aManagement
700 _aK. Fatchi
999 _c1837
_d1837